000 00230nam a22000977a 4500
999 _c15859
_d15859
003 OSt
008 191022b ||||| |||| 00| 0 eng d
100 _aHornby,A S.
_91826
245 _aThe Teaching Structural Words Part 1
942 _cBK